000 02092nam a2200541 i 4500
001 15616
003 KOSZ 005
005 20200701121850.0
008 200422s1973 pl a f 001 0 pol
015 _aUWD 1973/6896
035 _a991033936149705066
035 _a(PL-WaBN)b19078444-48omnis_nlop
035 _ab19078444
035 _a(OCoLC)69524272
035 _a(PL)b0000001907844
035 _a(EXLNZ-48OMNIS_NETWORK)9910108090305606
040 _aWA N
_cWA N
_dKOSZ 005/RW
041 1 _apol
_hrus
046 _k1970
080 _a547
080 _a535.24
080 _a(07)
100 1 _aKorenman, Izrail' Mironovič
_d(1904-1988)
_eAutor
245 1 0 _aAnaliza fotometryczna :
_bmetody oznaczania związków organicznych /
_cI. M. Korenman ; tłumaczenie z rosyjskiego Henryk Najberg.
246 1 _iTytuł oryginału:
_aFotometričeskij analiz :
_bmetody opredeleniâ organičeskih soedinenij
260 _aWarszawa :
_bWydawnictwa Naukowo-Techniczne,
_c1973.
300 _a421, [1] stron :
_bilustracje, errata ;
_c22 cm.
336 _aTekst
_btxt
_2rdacontent
337 _aBez urządzenia pośredniczącego
_bn
_2rdamedia
338 _aWolumin
_bnc
_2rdacarrier
380 _aKsiążki
380 _aPublikacje fachowe
380 _aPublikacje dydaktyczne
388 _a1901-2000
388 _a1945-1989
504 _aBibliografia przy rozdziałach. Indeks.
521 8 _aKsiążka jest przeznaczona dla pracowników chemicznych laboratoriów analitycznych różnych gałęzi przemysłu, wykładowców szkół wyższych i średnich oraz dla studentów wydziałów chemicznych politechnik i uniwersytetów.
650 7 _aChemia organiczna
_2DBN
650 7 _aMetody
650 7 _aFotometria
_2DBN
655 7 _aPodręcznik
658 _aChemia
700 1 _aNajberg, Henryk
_eTłumaczenie
710 2 _aWydawnictwa Naukowo-Techniczne
_4pbl
856 _uhttp://koha.tu.koszalin.pl/cgi-bin/koha/opac-detail.pl?biblionumber=15616
_yKatalog online BPK
942 _2UKD
_cKS
999 _c15616
_d15616